Rozhodovanie manažérov a ich vodcovský potenciál

Salvato in:
Dettagli Bibliografici
Autore principale: Procházková, Katarína, 1983-
Ente Autore: Ekonomická univerzita v Bratislave. Fakulta podnikového manažmentu
Altri autori: Remeňová, Katarína, 1982-, Szabo, Ľuboslav, Čerešňa, Michal
Natura: Libro
Lingua:slovacco
Pubblicazione: Bratislava Vydavateľstvo EKONÓM 2014
Edizione:1. vyd.
Soggetti:
Tags: Aggiungi Tag
Nessun Tag, puoi essere il primo ad aggiungerne!!

MARC

LEADER 00000nam a2200000 4500
001 0197551
005 20240502073335.0
020 |a 978-80-225-3968-5 
041 0 |a slo 
044 |a SK 
245 1 0 |a Rozhodovanie manažérov a ich vodcovský potenciál  |c Katarína Procházková, Katarína Remeňová ; recenzenti: Ľuboslav Szabo, Michal Čerešňa 
250 |a 1. vyd. 
264 1 |a Bratislava  |b Vydavateľstvo EKONÓM  |c 2014 
300 |a 137 s. [8,20 AH] 
610 2 0 |a rozhodovanie manažérske 
610 2 0 |a vedenie ľudí 
610 2 0 |a zručnosti 
100 1 |a Procházková, Katarína, 1983- 
700 1 |a Remeňová, Katarína, 1982- 
700 1 |a Szabo, Ľuboslav 
700 1 |a Čerešňa, Michal 
710 2 |a Ekonomická univerzita v Bratislave. Fakulta podnikového manažmentu